000 01500nam a2200277 i 4500
001 154640
003 ES-MaACL
005 20260327152027.0
008 961110m18861888sp a |||| | spa d
100 1 _aGonzalo y Tarín, Joaquín (
_d1838-1910)
_9127394
245 1 0 _aDescripción física, geológica y minera de la provincia de Huelva /
_cpor Joaquín Gonzalo y Tarín.
260 _aMadrid :
_b[s.n.],
_c1886-1888 (
_fImp. y Fund. de Manuel Tello)
300 _a2 t. en 3 v. :
_bil. ;
_c27 cm.
490 1 _aMemorias de la Comisión del Mapa Geológico de España
505 8 _aI. 1ª parte. Descripción física (274, IV p., 1 h. pleg. de map.) -- I, 2ª parte. Descripción geológica. Estratigrafía (278-671, VIII p., VI h. de lám. (2 pleg.)) -- II. Descripción minera (660, VII p., 41 h. de lám. (algunas pleg.))
530 _aDisponible en formato digital.
650 4 _aGeología-
_zHuelva (Provincia)
_9155398
650 4 _aYacimientos minerales-
_zHuelva (Provincia)
_9155399
651 4 _aHuelva (Provincia)-
_xGeografía física.
_9137212
710 2 _aComisión del Mapa Geológico de España.
_93030
830 0 _aMemorias de la Comisión del Mapa Geológico de España
_9184748
852 _aES-MaACL
_j154-C-14-16
_zRevisado enlace: 27 de Marzo de 2025.
_9160312
_xEncuadernación holandesa
_cADM
856 4 _3v.1
_uhttp://bdh-rd.bne.es/viewer.vm?id=0000045495&page=1
_yBiblioteca Digital Hispánica
942 _2udc
_cMONOGRAFIA
999 _c154640
_d154640